000 00595nam a22002177a 4500
003 OSt
005 20140310182935.0
008 130201t xxu||||| |||| 00| 0 eng d
020 _a9712349881
050 _aHQ 680
_b.G958 2007
082 _aFIL 306.8509599
_b.G94 2007
245 _aThe Filipino family in constant (r)evolution
_cGuillermo, Ma. Lirio, and de Guzman, Allan B.
260 _aManila
_bRex Book Store
_cc2007
300 _a28 p.
_c23 cm.
521 _aCollege
526 _c1210L-1700L
541 _j1
541 _j2
562 _e2
942 _2lcc
_cBK
_kFIL
999 _c17609
_d17609